UBT Library

The Eye in systemic disease / (Record no. 39274)

000 -LEADER
fixed length control field 00683pam a2200241 a 4500
001 - CONTROL NUMBER
control field 563575
005 - DATE AND TIME OF LATEST TRANSACTION
control field 20171221081759.0
008 - FIXED-LENGTH DATA ELEMENTS--GENERAL INFORMATION
fixed length control field 891113s1990 paua b 001 0 eng c
010 ## - LIBRARY OF CONGRESS CONTROL NUMBER
LC control number 89013618
020 ## - INTERNATIONAL STANDARD BOOK NUMBER
International Standard Book Number 0397507224
040 ## - CATALOGING SOURCE
Original cataloging agency DNLM/DLC
Transcribing agency DLC
Modifying agency DLC
041 ## - LANGUAGE CODE
Language code of text/sound track or separate title eng
060 ## - NATIONAL LIBRARY OF MEDICINE CALL NUMBER
Classification number WW 475 E975
080 ## - UNIVERSAL DECIMAL CLASSIFICATION NUMBER
Universal Decimal Classification number 617.71 GOL
082 00 - DEWEY DECIMAL CLASSIFICATION NUMBER
Classification number 617.71 GOL
Edition number 20
100 ## - Rafti
Rafti 8
101 ## - Shkurtesa
Shkurtesa OFT
245 04 - TITLE STATEMENT
Title The Eye in systemic disease /
Statement of responsibility, etc edited by Daniel H. Gold, Thomas A. Weingeist.
504 ## - BIBLIOGRAPHY, ETC. NOTE
Bibliography, etc Includes bibliographical references and index.
906 ## - LOCAL DATA ELEMENT F, LDF (RLIN)
a 7
b cbc
c orignew
d 1
e ocip
f 19
g y-gencatlg
942 ## - ADDED ENTRY ELEMENTS (KOHA)
Source of classification or shelving scheme
Item type Books

No items available.

UBT Library © 2015-2024. All rights reserved University Education for Business and Technology